| 000 | 00363nam a22001337a 4500 | ||
|---|---|---|---|
| 020 | _a9789350300879 | ||
| 082 |
_a551.253 _bRAS/DE |
||
| 100 |
_aRasure, K A _9215 |
||
| 245 | _aDevelopment of Agriculture in the Era of Climate Change -Volume-2 | ||
| 260 |
_aNew Delhi _bOxford Book Company _c2012 |
||
| 300 | _a270 | ||
| 650 |
_aClimate Change _9216 |
||
| 942 | _cBK | ||
| 999 |
_c14188 _d14188 |
||